The Sharia state : (Record no. 19943)
[ view plain ]
| 000 -LEADER | |
|---|---|
| fixed length control field | 01788cam a22003135a 4500 |
| 001 - CONTROL NUMBER | |
| control field | 17481143 |
| 005 - DATE AND TIME OF LATEST TRANSACTION | |
| control field | 20160727154346.0 |
| 008 - FIXED-LENGTH DATA ELEMENTS--GENERAL INFORMATION | |
| fixed length control field | 121002s2013 enk frb 001 0 eng d |
| 020 ## - INTERNATIONAL STANDARD BOOK NUMBER | |
| International Standard Book Number | 9780415662161 (hardback) |
| 020 ## - INTERNATIONAL STANDARD BOOK NUMBER | |
| International Standard Book Number | 9780415662178 (pbk.) |
| 020 ## - INTERNATIONAL STANDARD BOOK NUMBER | |
| International Standard Book Number | 9780203385555 (ebook) |
| 040 ## - CATALOGING SOURCE | |
| Original cataloging agency | DLC |
| Transcribing agency | DLC |
| Modifying agency | DLC |
| -- | EG-ScBUE |
| Language of cataloging | eng |
| 043 ## - GEOGRAPHIC AREA CODE | |
| Geographic area code | ma----- |
| 082 04 - DEWEY DECIMAL CLASSIFICATION NUMBER | |
| Classification number | 320.55709174927 |
| Edition number | 22 |
| Item number | TIB |
| 100 1# - MAIN ENTRY--PERSONAL NAME | |
| Personal name | Tibi, Bassam. |
| 9 (RLIN) | 12784 |
| 245 14 - TITLE STATEMENT | |
| Title | The Sharia state : |
| Remainder of title | Arab Spring and democratization / |
| Statement of responsibility, etc | Bassam Tibi. |
| 260 ## - PUBLICATION, DISTRIBUTION, ETC. (IMPRINT) | |
| Place of publication, distribution, etc | Oxon ; |
| -- | New York : |
| Name of publisher, distributor, etc | Routledge / Taylor & Francis Group, |
| Date of publication, distribution, etc | 2013. |
| 300 ## - PHYSICAL DESCRIPTION | |
| Extent | xiv, 242 p. ; |
| Dimensions | 24 cm. |
| 500 ## - GENERAL NOTE | |
| General note | Index : p. 237-242. |
| 504 ## - BIBLIOGRAPHY, ETC. NOTE | |
| Bibliography, etc | Bibliography : p. [211]-236. |
| 505 0# - FORMATTED CONTENTS NOTE | |
| Formatted contents note | Will the sharia-state be the outcome? Arab Spring and the hope for democratization -- The sharia-state and western scholarship. the reality of an Islamist shariatization of politics that seeks a name -- The sharia-state is not the faith of Islam: sharia and politics -- The challenge of the Islamist sharia- state to the international order: torn between the Westphalian synthesis, Pax Americana and Pax Islamica -- Sharia and Islamism in the Arab Spring: from the promise of a blossoming spring to a frosty and lethal winter -- From traditional sharia reasoning to the Islamist shariatization in post-Arab Spring -- Torn between combating prejudice and the accusation of Islamophobia: the sharia-state and policing speech in the debate on whither Islamic civilization. |
| 650 #0 - SUBJECT ADDED ENTRY--TOPICAL TERM | |
| Topical term or geographic name as entry element | Islam and state |
| Geographic subdivision | Arab countries. |
| Source of heading or term | BUEsh |
| 650 #0 - SUBJECT ADDED ENTRY--TOPICAL TERM | |
| Topical term or geographic name as entry element | Arab Spring, 2010- |
| Source of heading or term | BUEsh |
| 650 #0 - SUBJECT ADDED ENTRY--TOPICAL TERM | |
| Topical term or geographic name as entry element | Islamic law |
| General subdivision | Political aspects. |
| Source of heading or term | BUEsh |
| 651 ## - SUBJECT ADDED ENTRY--GEOGRAPHIC NAME | |
| Source of heading or term | BUEsh |
| 653 ## - INDEX TERM--UNCONTROLLED | |
| Resource For college | BAEPS, Political Science |
| Arrived date list | June2015 |
| -- | November2015 |
| 650 #0 - SUBJECT ADDED ENTRY--TOPICAL TERM | |
| 9 (RLIN) | 11824 |
| Topical term or geographic name as entry element | Democracy |
| Geographic subdivision | Arab countries |
| Source of heading or term | BUEsh |
| 942 ## - ADDED ENTRY ELEMENTS (KOHA) | |
| Source of classification or shelving scheme | Dewey Decimal Classification |
| Withdrawn status | Lost status | Source of classification or shelving scheme | Damaged status | Not for loan | Koha collection | Home library | Current library | Shelving location | Date acquired | Source of acquisition | Cost, normal purchase price | Serial Enumeration / chronology | Total Checkouts | Total Renewals | Full call number | Barcode | Date last seen | Date last borrowed | Cost, replacement price | Koha item type |
|---|---|---|---|---|---|---|---|---|---|---|---|---|---|---|---|---|---|---|---|---|
| Dewey Decimal Classification | Alahram | Central Library | Central Library | First floor | 25/06/2015 | Purchase | 352.00 | 320 | 5 | 39 | 320.55709174927 TIB | 000039087 | 15/07/2025 | 01/11/2021 | 440.00 | Book - Borrowing |